Jasper Johns /

"Jasper Johns's art unites mastery, mystery, simplicity, and contradiction. His methodical working process combines intense deliberation and experimentation, obsessive craft, cycles of revision and repetition, and decisive shifts of direction. Johns also frequently borrows images from othe...

Full description

Bibliographic Details
Other Authors: Bernstein, Roberta (Curator, Editor), Devaney, Edith (Curator), Testar, Anna (Curator), Heyler, Joanne (Curator), Schad, Ed (Curator)
Format: Book
Language:English
Published: London, England ; Los Angeles, California : Royal Academy of Arts in collaboration with the Broad, [2017]
Subjects:

MARC

Tag First Indicator Second Indicator Subfields
LEADER 00000cam a2200000 i 4500
001 in00004595621
008 171026t20172017enkac bc 001 0 eng d
005 20221014212211.0
010 |a  2017392400 
015 |a GBB7C0089  |2 bnb 
016 7 |a 018420536  |2 Uk 
019 |a 1009006883  |a 1010955908  |a 1012399323  |a 1014079709  |a 1016053449  |a 1112830522  |a 1293460568 
020 |a 9781910350690  |q (paperback) 
020 |a 1910350699  |q (paperback) 
020 |a 9781910350683  |q (RA hardback) 
020 |a 1910350680  |q (RA hardback) 
020 |a 9781910350799  |q (Broad hardback) 
020 |a 1910350796  |q (Broad hardback) 
029 1 |a DKDLA  |b 820030-katalog:2233678 
029 1 |a UKMGB  |b 018420536 
035 |a (OCoLC)1007768353  |z (OCoLC)1009006883  |z (OCoLC)1010955908  |z (OCoLC)1012399323  |z (OCoLC)1014079709  |z (OCoLC)1016053449  |z (OCoLC)1112830522  |z (OCoLC)1293460568 
040 |a SMI  |b eng  |e rda  |c SMI  |d SMI  |d YDX  |d NZAUC  |d GK8  |d OCLCO  |d GUA  |d OCLCO  |d EUM  |d EYM  |d CAM  |d OCLCQ  |d ZQP  |d BRL  |d OCLCF  |d DLC  |d OWS  |d UKTTE  |d OCL  |d ORU  |d OCLCQ  |d CAD  |d OCLCO  |d PAU  |d OCLCA  |d UBY  |d OCLCA  |d UBY  |d GZM  |d OCLCO  |d FDA  |d CNNGC  |d UKOBU  |d NYSIA  |d CUY  |d OCLCQ  |d OCLCO  |d NAM  |d UKMGB  |d OCL  |d JJE  |d U3G  |d OCLCO  |d TJC  |d OCLCO  |d DCT  |d OCLCA  |d CNGUL  |d OCLCQ  |d OCLCO  |d NOR  |d TXA 
043 |a n-us--- 
050 4 |a N6537.J6  |b A4 2017b 
080 |a 75(73)-19-JOH 
082 0 4 |a 759.13  |2 23 
084 |a J057.12  |2 clc 
245 0 0 |a Jasper Johns /  |c edited by Roberta Bernstein. 
264 1 |a London, England ;  |a Los Angeles, California :  |b Royal Academy of Arts in collaboration with the Broad,  |c [2017] 
264 4 |c ©2017 
300 |a 262 pages :  |b illustrations (chiefly color), portraits ;  |c 31 x 29 cm 
336 |a text  |b txt  |2 rdacontent 
336 |a still image  |b sti  |2 rdacontent 
337 |a unmediated  |b n  |2 rdamedia 
338 |a volume  |b nc  |2 rdacarrier 
500 |a Catalog for the exhibition "Jasper Johns: 'Something Resembling Truth'" at Royal Academy of Arts, London, 23 September-10 December 2017, and The Broad, Los Angeles, 10 February-13 May 2018 
500 |a "Exhibition organised by the Royal Academy of Arts, London, in collaboration with The Broad, Los Angeles."--Title page verso 
500 |a Exhibition curators, Royal Academy of Arts: Roberta Bernstein, Edith Devaney, assisted by Anna Testar; host curators, The Broad: Joanne Heyler, Ed Schad. 
505 0 |a Foreword / Christopher Le Brun and Joanne Heyler -- Acknowledgements -- 'Something resembling truth' / Robert Bernstein and Edith Devaney -- Bewitched, bothered and bewildered / Robert Storr -- Is the painting counting? / Morgan Meis -- Looking deeper : Jasper Johns in an international context of the 1960s / Hiroko Ikegami -- Catalogue plates. 'Something resembling truth' -- 'Things the mind already knows' -- Painting as object -- Words and voices -- In the studio -- Time and transience -- Fragments and faces -- Seasons and cycles -- Memory tracings -- Chronology / Roberta Bernstein. 
504 |a Includes bibliographical references (page 258) and index. 
520 |a "Jasper Johns's art unites mastery, mystery, simplicity, and contradiction. His methodical working process combines intense deliberation and experimentation, obsessive craft, cycles of revision and repetition, and decisive shifts of direction. Johns also frequently borrows images from other artists, which, ironically, only underscores the originality of his own vision. His work occupies a key position in the art of the second half of the twentieth century. Jasper Johns: A Retrospective is the most complete and authoritative resource on it available, containing 264 color plates illustrating his paintings, drawings, sculptures, and prints. Accompanying essays review his essential themes, analyze his references to other artists, and explore how his contemporaries have, in turn, seen and absorbed his own work. The plates are arranged to follow the stages of his career, allowing comparison of paintings, drawings, sculptures, and prints from each period, as his style developed and changed. That comprehensive selection of reproductions is interwoven with an illustrated chronology tracing Johns' life and work with unprecedented accuracy and thoroughness. With its scholarly essays and extensive bibliography, Jasper Johns: A Retrospective is the indispensable reference work on this crucial artist. This volume was originally published to accompany the major exhibition of Johns' work held at The Museum of Modern Art in 1996 and 1997, his first full retrospective in 20 years. It has been out of print since 2002"--Provided by publisher 
585 |a Exhibition "Jasper Johns: 'Something Resembling Truth'" at Royal Academy of Arts, London, 23 September-10 December 2017. 
600 1 0 |a Johns, Jasper,  |d 1930-  |v Exhibitions. 
650 0 |a Pop art  |z United States  |y 20th century  |v Exhibitions. 
650 0 |a Art, Abstract  |z United States  |y 20th century  |v Exhibitions. 
600 1 6 |a Johns, Jasper,  |d 1930-  |v Expositions. 
650 6 |a Pop'art  |z États-Unis  |y 20e siècle  |v Expositions. 
650 6 |a Art abstrait  |z États-Unis  |y 20e siècle  |v Expositions. 
600 1 7 |a Johns, Jasper  |x Criticism and interpretation.  |2 cct 
600 1 7 |a Johns, Jasper.  |2 cct 
650 7 |a Art and Design.  |2 eflch 
600 1 7 |a Johns, Jasper,  |d 1930-  |2 fast  |0 (OCoLC)fst00013292 
650 7 |a Pop art.  |2 fast  |0 (OCoLC)fst01071250 
650 7 |a Art, Abstract.  |2 fast  |0 (OCoLC)fst00815850 
651 7 |a United States.  |2 fast  |0 (OCoLC)fst01204155 
600 1 7 |a Johns, Jasper  |d 1930-  |2 gnd 
650 7 |a Malerei  |2 gnd 
650 7 |a Art and Design.  |2 ukslc 
648 7 |a 1900-1999  |2 fast 
655 7 |a exhibition catalogs.  |2 aat 
655 7 |a Exhibition catalogs.  |2 fast  |0 (OCoLC)fst01424028 
655 7 |a Illustrated works.  |2 fast  |0 (OCoLC)fst01423873 
655 7 |a Exhibition catalogs.  |2 gmgpc 
655 7 |a Exhibition catalogs.  |2 lcgft 
655 7 |a Catalogues d'exposition.  |2 rvmgf 
700 1 |a Bernstein, Roberta,  |e curator,  |e editor. 
700 1 |a Devaney, Edith,  |e curator. 
700 1 |a Testar, Anna,  |e curator. 
700 1 |a Heyler, Joanne,  |e curator. 
700 1 |a Schad, Ed,  |e curator. 
710 2 |a Royal Academy of Arts (Great Britain),  |e host institution,  |e publisher. 
710 2 |a Broad (Art museum : Los Angeles, Calif.),  |e host institution,  |e publisher. 
752 |a United Kingdom  |b England  |d London. 
752 |a United States  |b California  |d Los Angeles. 
938 |a YBP Library Services  |b YANK  |n 14999621 
938 |a YBP Library Services  |b YANK  |n 13496897 
948 |h HELD BY TXA - 227 OTHER HOLDINGS 
994 |a Z0  |b TXA 
999 f f |s c26ef18a-2882-426e-92ef-99d0926dcb74  |i b4d97def-e395-45b5-8d3c-c1d0e01b74d2  |t 0 
952 f f |p noncirc  |a Texas A&M University  |b College Station  |c Cushing Memorial Library & Archives  |d Cushing: Women & Gender Studies (Does not check out)  |t 0  |e N6537.J6 A4 2017b  |h Library of Congress classification  |i unmediated -- volume  |m A1485289173F 
998 f f |a N6537.J6 A4 2017b  |t 0  |l Cushing: Women & Gender Studies (Does not check out)